000 00690nam a2200217Ia 4500
001 7244
003 GE_BSU
008 181216s||||||||xx |||||||||||||| ||und||
040 _cGE_BSU
080 _a629.33(035.5)
100 _aБоровский,Б.Е. Попов,М.Д. Пронштеин,М.Я.
245 _aСправочная книга автомовилиста.
245 _cПод ред. Я.И.Бронштеина, ред.Ю.В.Пчелкин.
260 _aЛ.
260 _bЛениздат.
260 _c1962.
300 _a482стр. с илл. 22см.
300 _eтабл.
653 _aСправочная книга автомовилиста.
942 _cBK
999 _c40617
_d40617